=LDR 00000nam 2200000 4500 =001 INLIS000000000033996 =005 20161001135507.0 =006 =007 =008 ind =035 ##$$0010-061300000033996 =041 ##$$a ind =082 ##$$a 540 =090 ##$$a 540, gSyu k =100 ##$$a Syukri S =245 ##$$a Kimia dasar 3, WSyukri s =260 ##$$a 1999 $b Bandung =300 ##$$a 242 hlm, Ilus, 25 cm =650 ##$$a Kimia =850 ##$$a NBPNMAT =990 ##$$a 21400613/BPAP-NTB/20142014 =990 ##$$a 0001/BPAP-NTB/20142014 =990 ##$$a 0001/BPAP-NTB/2016 =990 ##$$a 0001/BPAP-NTB/2016 =990 ##$$a 0001/BPAP-NTB/2016 =990 ##$$a 21400613/BPAP-NTB/20142014 =990 ##$$a 0001/BPAP-NTB/20142014 =990 ##$$a 0001/BPAP-NTB/2016